000 00624nam a2200229Ia 4500
001 3178
003 GE_BSU
008 181216s||||||||xx |||||||||||||| ||und||
020 _a5851730102
040 _cGE_BSU
100 _aРузавин Г.И.
245 _aОсновы рыночной экономики
245 _bУчебное пособие
245 _cглав. ред. Н.Д. Эриашвили
260 _aМосква
260 _bЮНИТИ
260 _c1996
300 _a423 с. 20 см
541 _h8 л. 0 т.
653 _aОсновы рыночной экономики
942 _cBK
999 _c37220
_d37220